[Event "Euwe Playoffs"]
[Site "?"]
[Date "2005.06.09"]
[Round "3"]
[White "Witt, Rob"]
[Black "van der Hoeven, Gertjan"]
[Result "0-1"]
[WhiteElo "2207"]
[BlackElo "2290"]
[Annotator "Witt,Rob"]
[PlyCount "102"]

{De laatste ronde van de playoffs. Ik moest winnen van Gertjan en Arne moest
winnen van Jack, dan zouden we allevier gelijk eindigen.} 1. d4 g6 2. c4 Bg7 3.
Nc3 Nf6 4. e4 O-O 5. Be3 d6 6. f3 {Ik had voor de gelegenheid mijn oude liefde
de Samischvariant voorbereid.} c5 {Dit systeem is de reden waarom ik enkele
jaren geleden de Samisch hebopgegeven. Ik was nog een beetje bang dat Gertjan
de Panno zou spelen met Pc6, a6 en Tb8. Tot mijn verbazing antwoordde Gertjan
dat hij dat nog nooit gespeeld had.} 7. dxc5 dxc5 8. Qxd8 Rxd8 9. Bxc5 Nc6 10.
Nge2 Nd7 $1 {Deze variant geldt als zeer goed voor zwart. In de database van
NewinChess scoort wit nog geen 40%.} 11. Bf2 $1 {Maar deze relatief nieuwe zet
zou de variant moeten redden. Ik had hem enkele weken geleden ontdekt en hem
op de club o.a. met Gerjan en Visser bekeken. Afgelopen zondag nog een paar
uurtjes met Fritz erop gestudeerd en mijn voorlopige conclusie was dat het
iets beter voor wit zou moeten zijn.} (11. Ba3 a5 $1) (11. Be3 Nde5 12. Nf4 Nb4
13. Rd1 $2 Nxf3+ $1 14. gxf3 Bxc3+ 15. bxc3 Nc2+ 16. Ke2 Rxd1 17. Kxd1 Nxe3+
18. Kd2 Nxf1+ 19. Rxf1 b6 $15 {Met name deze variant wordt vermeden met 11.Lf2.
}) 11... Nb6 $5 ({Mijn voorbereiding had zich voornamelijk geconcentreerd op} 
11... Nde5 12. Nf4 Nb4 ({Andere interessante mogelijkheden zijn} 12... Na5) (
12... Bh6) (12... b6) 13. Rd1 {Maar 11....Pb6 was al op het bord gekomen bij
bovengenoemde analyse met Gertjan en Visser. Dus ook hier had ik even naar
gekeken.}) 12. Nf4 ({Fritz wordt ook geboeid door} 12. Bxb6 {Maar ik geef niet
graag mijn zwarte loper op tenzij het echt wat oplevert.} axb6 13. Rd1 Rxd1+
14. Kxd1 Be6 15. b3 b5 $1 {En Fritz geeft toe dat wit niks heeft.}) 12... Na5 (
{Hier had ik voornamelijk} 12... Nb4 {bekeken.}) 13. Nfd5 ({Interessant is ook
} 13. Bxb6 axb6 14. Nfd5) 13... Be6 $6 {De eerste nieuwe zet voor mij.} ({
Ik denk dat het alternatief} 13... Naxc4 {toch beter is dan de tekstzet.}) 14.
Nxe7+ ({We bekeken achteraf o.a.} 14. Bxb6 axb6 15. Rc1 (15. Nxb6 {hebben we
geloof ik niet serieus bekeken, maar lijkt toch niet zo slecht na bijv.} Nb3 (
15... Ra6 16. c5) 16. Nxa8 Nxa1 17. Nb6 Nc2+ 18. Ke2 Na3 19. Ncd5 (19. c5)
19... Bxb2 20. Ke3) 15... b5 $5 {Met deze voor hem typerende zet slaagde
Gertjan er iedere keer weer in voldoende kansen te scheppen. Misschien kan
Gertjan wat varianten op papier zetten want ik kan ze niet reproduceren.})
14... Kh8 15. Ned5 $2 {De eerste zet waar ik ontevreden over ben. Ik heb in
het verleden vaker gemerkt dat de concentratie te wensen over laat als je een
stellingstype goed meent te kennen. Ik denk dat als je deze stelling voorlegt
aan een aantal spelers dat de meerderheid zou kiezenvoor} (15. Bxb6 $1 {
Ik had er op dit moment niet serieus naar gekeken omdat tijdens de
voorbereiding gebleken was dat het opgeven van de zwarte loper nooit goed was.
Hier lijkt het echter een zware aanslag op de zwarte speelwijze. Bijv.} axb6
16. Ned5 Rac8 (16... b5 $5 {Ook hier een zet om rekening mee te houden. Bij
Fritz komt ie pas op de 4e plaats met - 1,94.} 17. cxb5 Nb3 18. Rd1 (18. Rb1)
18... Bxd5 19. Rxd5 (19. Nxd5 Rxa2 20. Bc4 Rxb2 21. Bxb3 Rxb3 22. b6 Ra8 23.
Rf1 (23. Ke2 Ra2+ 24. Rd2 Rxd2+ 25. Kxd2 Bd4 $11) 23... Ra4 24. Rf2 Bd4 25. Rc2
Bxb6 26. Nxb6 Rxb6 27. Rc7 Kg7 28. Rdd7 Rb2 $11) 19... Rxd5 20. exd5 Bxc3+ 21.
bxc3 Rxa2 22. h4 {Fritz is iets gezakt naar - 1,59 maar het is nog maar de
vraag hoe reeel de witte winstkansen zijn ondanks twee pluspionnen. Het zwarte
paard is wel erg superieur aan de witte loper.}) 17. O-O-O Nxc4 18. Bxc4 Rxc4
19. Nxb6 $16) 15... Naxc4 16. Bxc4 Nxc4 17. O-O-O {Dit had Gertjan in de
vooruitberekening gemist maar hij komt met een goed antwoord.} Rac8 {
Tijdverbruik: wit 33'; zwart 36'} 18. Bd4 {Ik mis hier zwarts 19e zet. Een
betere poging was volgens Fritz} (18. Bxa7 $5 {Het ziet er bijzonder link uit,
maar het lijkt te gaan. Ik geloof echter niet dat het serieuze winstkansen
biedt, al staat zwart wel voor een lastige keus. Bijv.} Bxd5 ({Ook interessant
is} 18... b5 19. Bd4 Bxd4 20. Rxd4 b4 21. Ne2 Bxd5 (21... Ne3+ 22. Kd2 Nxd5 23.
exd5 Rxd5 24. Rxd5 Bxd5 25. a3 bxa3 26. bxa3 $14) 22. exd5 Rxd5 23. Rxd5 Ne3+
24. Kd2 Nxd5 25. Rc1 Ra8 26. Rc5 $16) 19. Rxd5 Rxd5 20. exd5 b6 $1 {dreigt Ta8}
(20... Nxb2 21. Kxb2 Rxc3 ({Beter is} 21... Bxc3+ 22. Kb3 Be5 23. Rd1 Bd6 24.
g3 {met winstkansen.}) 22. Rd1 Rxf3+ 23. Bd4 Re3 24. d6 Re8 25. d7 Rd8 26. Kb3
{en wit wint.}) 21. d6 $5 (21. Kc2 Kg8 (21... Ra8 22. Re1 Bf6 23. Re4 $16) 22.
a4 Nxb2 23. Kxb2 Rxc3 (23... Bxc3+ 24. Ka2 Ba5 25. Rb1 Ra8 26. Bxb6 Bxb6 27.
Rxb6 Rxa4+ 28. Kb3 Rd4 29. Rb5 {en zwart zal wel remise maken.}) 24. Ka2 Bf8
25. Bxb6 Ra3+ 26. Kb2 Rxa4 27. Kc3 Bd6 28. Re1 Kf8 29. Re4 Ra2 30. Be3 {
en misschien dat Karpov dit kan winnen.}) 21... Nxd6 (21... Nxb2 22. Kxb2 Rxc3
23. Kb1 Rd3 24. Re1 Bf8 (24... Bf6 $2 25. Bxb6 Rxd6 26. Re8+ Kg7 27. Bc5 Rd8
28. Bf8+ Kg8 29. Rxd8 Bxd8 30. Bb4 $16) 25. Re8 Kg7 26. Bxb6 Rd1+ 27. Kb2 Bxd6
28. a4 $16) 22. Bxb6 Nc4 23. Bf2 Nxb2 24. Kxb2 Rxc3 25. Kb1 $14 {met kleine
winstkansen.}) 18... Bxd4 19. Rxd4 Ne3 $1 20. Kb1 {Een winstpoging tegen beter
in. Ongeveer hier zag ik dat Arne verloren stond tegen Jack, dus Gertjan moest
nu ook winnen om alsnog de titel te delen met Jack.} ({Remiseachtig is} 20. Rd2
Bxd5 (20... Nxd5 $2 21. Rhd1 $16) 21. exd5 Rxd5 22. Re2 $11) 20... Nxg2 {
Wit nog 43'; zwart 47'} 21. Rb4 $2 {Mijn bedoeling was om na het "gedwongen"
b6 met h4 te vervolgen.} ({Beter was} 21. Rhd1 {met gelijke kansen.}) 21... Nh4
$1 (21... b6 22. h4) 22. Rf1 ({Het alternatief} 22. Rxb7 Nxf3 23. Rxa7 Nd2+ 24.
Ka1 Nxe4 {leek me slecht voor wit maar ik dat valt mee na} 25. Nb6 Rc6 26. Nxe4
Rxb6 27. b3 {met ongeveer gelijke kansen.}) 22... b6 23. Rd4 f5 $1 {Nog 29';
22'} ({Ik verwachte eerder het positionele} 23... g5 {Slecht is nu} 24. f4 {
wegens} g4 25. f5 Nf3 $1 26. Rdd1 Bxd5 27. Nxd5 Nxh2) 24. Rd3 $2 {einde partij
na deze snel gespeelde zet. Ik zag het zwarte antwoord terwijl ik de zet
uitvoerde maar ik kon de beweging niet meer stopzetten.} ({Na bijv.} 24. Rdd1 {
is er nog niet zoveel aan de hand al geef ik wel de voorkeur aan zwart.}) 24...
Nxf3 $1 25. Rdxf3 fxe4 26. Re3 $2 {Ondanks bijna een kwartier nadenken (of was
het balen?) slaag ik er niet in mijn beste kans te vinden. Zoals zo vaak was
mijn eerste gedachte de beste geweest.} (26. Nf4 exf3 (26... Bc4 27. Nxe4 Bxf1
28. Rxf1 Rf8 29. h4 {ziet er ook niet prettig uit voor wit maar hij kan nog
vechten.}) 27. Nxe6 Rd2 {Ik had hier niet verder gekeken omdat ik dacht dat ik
nu niet op f3 kon slaan wegens Te8.} 28. Rxf3 Rxh2 (28... Re8 29. Kc1 (29. Rf6
Rd6) 29... Rxh2 30. Rf6) 29. Rf6 {Ook hier zal wit verloren staan maar zwart
kan het nog makkelijk fout doen in de uitvluggerfase.}) ({Kansloos was verder} 
26. Nxb6 axb6 27. Nxe4 Bf5 $19) ({Een iets betere poging was nog} 26. Rf7 Bxd5
27. Nxd5 (27. Rxa7 Bc4 28. Re1 Rd2 29. Kc1 Rxh2 30. Rxe4 b5 $19) 27... Rxd5 28.
Rxa7 Rd2 29. Re7 Rxh2 30. Rxe4 $17) 26... Bxd5 27. Nxd5 Rxd5 28. Rxe4 Rc7 29.
Rfe1 Rf7 30. Re7 Kg7 {Beide spelers nog ca. 10'. Zwart wint vrij makkelijk met
zijn vrijpion op de koningsvleugel. Met de witte koning op g1 zou het nog
lastig wezen. De rest geef ik zonder commentaar.} 31. R1e2 Rc5 32. b3 Rc7 33.
R7e4 Rf1+ 34. Kb2 Rcf7 35. Kc3 R1f2 36. Kc4 Rxe2 37. Rxe2 Kh6 38. a4 Kg5 39.
Kd5 Kg4 40. b4 Kf3 41. Rb2 Rf4 {15'; 11' Inmiddels had Jack zich laten flessen
door Arne.} 42. Kc6 h5 43. Kb5 h4 44. Ka6 Rf7 45. Rb3+ Kg2 46. h3 g5 47. a5
bxa5 48. bxa5 g4 49. hxg4 h3 50. g5 h2 51. g6 Rf6+ {en ik feliciteerde Gertjan
met zijn kampioenschap.} 0-1

[Event "Euwe intern 2005/2006"]
[Site "?"]
[Date "2005.09.22"]
[Round "1.3"]
[White "Salomons, Rik"]
[Black "Witt, Rob"]
[Result "0-1"]
[WhiteElo "2044"]
[BlackElo "2223"]
[Annotator "Witt,Rob"]
[PlyCount "55"]

1. d4 d5 2. c4 dxc4 {Het Aangenomen Damegambiet speel ik eigenlijk vrijwel
nooit. Voor het ACT toernooi had ik er echter een paar partijen mee nagespeeld.
Tegen Rik leek het me een aardige keus omdat Rik zelf dit jarenlang gespeeld
heeft.} 3. Nf3 {In het ACT toernooi kreeg ik twee keer 3.e4 tegen me. De
eerste keer tegen de Oostenrijker Kai Hansen. Die speelt normaal altijd het
matige 3.Pc3 maar tegen mij a tempo 3.e4 zodat ik al gelijk moest improviseren.
Ik koos voor 3....e5 4.d5?! waarna ik regelmatig won. In een latere ronde
tegen Peng had ik eigenlijk Slavisch gepland. In de voorbereiding ontdekte ik
echter dat zij veel beter scoorde tegen het Slavisch dan tegen het Aangenomen
Damegambiet. Ook zij speelde} (3. e4 {maar deze keer had ik het scherpe} Nc6 {
voorbereid. Na een minuut of 5 kwam tot mijn verbazing het theoretisch dubieuze
} 4. Be3 $6 {Ik kon mijn ogen niet geloven en In een soort inwendige
euforische stemming antwoordde ik a tempo} ({Veel beter is} 4. Nf3) 4... e5 $2
{"Een vingerfout tegen mevrouw Peng", grapten sommigen na afloop.} ({In plaats
van eerst} 4... Nf6 5. Nc3 {en dan pas} e5 6. d5 Na5 $1 ({Tegen} 6... Ne7 {
had Peng wel goede ervaringen.}) 7. Nf3 ({Direkt} 7. Qa4+ c6 {is ook goed voor
zwart.}) 7... Bd6 8. Qa4+ Bd7 $1 9. Qxa5 a6 $3 {en na deze iale vondst van
Sadler heeft wit het heel moeilijk. Peng zal ook geen nieuwtje hebben
klaarliggen want een paar ronden later tegen Monteban speelde ze 4.Pf3 i.p.v.
4.Le3?!}) 5. d5 Na5 $4 6. Qa4+ {en hier ontwaakte ik uit mijn euforie en zag
tot mijn afgrijzen dat er geen paard op c3 stond. Ik wilde eigenlijk opgeven
maar dan wordt dit overal gepubliceerd. Ik besloot nog even door te spelen met}
c6 7. b4 cxb3 8. axb3 b5 $6 ({Ik dacht niet meer serieus na. Iets taaier was} 
8... Bd7 9. Qxa5 Qxa5+ 10. Rxa5 Bb4+ 11. Bd2 Bxa5 12. Bxa5 cxd5 13. exd5 Rc8)
9. Qxa5 Qxa5+ 10. Rxa5 Bb4+ 11. Bd2 Bxa5 12. Bxa5 Bb7 {en ik verloor
uiteindelijk na 60 zetten.}) 3... e6 4. e3 ({In Lost Boys 2001 speelde Ron Nep
} 4. e4 {tegen me. Een geweldig spannende partij die ik uiteindelijk won.})
4... a6 5. Bxc4 Nf6 6. O-O c5 7. Qe2 {Een wat ouderwetse voortzetting} ({
evenals} 7. a4) ({De grote mode is tegenwoordig} 7. Bb3) ({of het eindspel na} 
7. dxc5) 7... Nc6 ({Gebruikelijker is} 7... b5 8. Bb3 Bb7 9. Rd1 (9. a4) 9...
Nbd7 {waarmee o.a. Anand een aantal leerzame partijen mee gespeeld heeft.}) 8.
Rd1 Qc7 9. Nc3 b5 10. Bb3 Bb7 {Beide spelers hebben ongeveer een kwartier
gebruikt en ik heb een opstelling ingenomen die terecht al enkele decennia in
onbruik is geraakt.} 11. d5 $1 {De juiste voortzetting.} exd5 {Mijn database
geeft 38 partijen met deze stelling waar uitsluitend deze zet gespeeld wordt.
Fritz geeft de voorkeur aan het pionoffer} (11... Nb4 $5 12. dxe6 c4 13. exf7+
Qxf7 14. Bc2 ({Het alternatief} 14. a3 cxb3 15. axb4 Bxb4 16. Nxb5 O-O 17. Nbd4
Ne4 {vindt Fritz ongeveer gelijk.}) 14... Nxc2 15. Qxc2 Bxf3 16. gxf3 Be7 {
en Fritz vind dat zwart tenminste gelijke kansen heeft. Zou het echt wat zijn?
Wel de moeite van het bestuderen waard.}) 12. e4 {Pas toen Rik een kwartier
begon na te denken, begreep ik dat hij deze zet zat uit te rekenen.} (12. Nxd5
Nxd5 13. Bxd5 {is iets beter voor wit, hetgeen o.a. bevestigd wordt in een
partij van Euwe uit 1948 en een partij van Kramnik een halve eeuw later.}) (12.
Bxd5 {Is een keer gespeeld in een consultatiepartij Aljechin/Bernstein -
Rubinstein/Goncharov, Moskou 1909!}) 12... dxe4 $2 {Sinds partijen van Kotov
en Najdorf in het toernooi van Groningen 1946 is bekend dat dit slecht is. Ik
dacht dat het gedwongen was omdat ik dacht dat} (12... d4 13. Nd5 (13. e5 O-O-O
14. exf6 dxc3 {is onduidelijk.}) 13... Nxd5 14. exd5+ Ne7 15. d6 {een stuk won.
Ik was vergeten dat de witte torenlijn onderbroken wordt door mijn d-pion!})
13. Ng5 $2 {A tempo gespeeld door Rik. Na afloop vonden Arne en Peter al snel
het veel betere} (13. Nxe4 Nxe4 14. Qxe4+ Qe7 {De enige zet die misschien nog
speelbaar is volgens Arne en Peter.} (14... Be7 15. Bf4 Qc8 16. Bd5 $16) (14...
Ne7 15. Bxf7+ Kxf7 16. Ng5+ Ke8 17. Qe6 {1-0 Mikhailis -Yagupov, Briansk 1995})
15. Qf4 Nd8 16. Re1 Ne6 {Tot hier hadden we gekeken en vonden we het niet
helemaal duidelijk al zou het goed voor wit moeten zijn.} 17. Qg4 c4 18. Bg5 h5
$2 19. Qf5 g6 20. Qe5 Qc5 21. Qxh8 Bxf3 22. Re5 $1 Qc6 23. Bc2 Bxg2 24. Qf6 $18
{31.1-0 Kotov - O'Kelly de Galway, Groningen 1946}) 13... c4 {Pas na deze zet
hebben Rik en ik van alles geanalyseerd, maar we hebben niks kunnen vinden
voor wit. Desondanks moet de conclusie waarschijnlijk luiden dat zwart met
deze zet het voordeel weggeeft.} ({Ook a tempo gespeeld. Fritz is veel
dapperder dan ik en geeft de voorkeur aan} 13... Nd4 $1 14. Rxd4 (14. Bxf7+
Qxf7 15. Rxd4 Qe7 16. Rd1 h6 17. Nh3 g5 $17) 14... cxd4 15. Bxf7+ Qxf7 16. Nxf7
Kxf7 $17) 14. Ncxe4 Nxe4 15. Nxe4 Be7 {Dit is toch de enige zet waar je aan
zou denken zou ik zeggen.} (15... Bb4 $5 {deze op het oog volkomen
onbegrijpelijke zet van Fritz is pas te snappen als je de beste variant na 15..
..Le7 gezien hebt.} 16. a3 O-O 17. Nf6+ gxf6 18. Bc2 Ne5 {en misschienstaat
zwart hier iets beter.}) ({Een andere mogelijkheid is} 15... Qe5 16. Bf4 Qe6
17. Bc2 Nb4 (17... Rd8 18. Rxd8+ Nxd8 19. Re1 Be7) 18. Re1 O-O-O {lijkt goed
voor zwart maar wit heeft} 19. Ng5 $1 Qxe2 20. Bf5+ Qe6 21. Nxe6 fxe6 22. Rxe6
{unclear.}) 16. Qg4 $2 {Na ruim een kwartier nadenken. Rik mist echter mijn
17e zet.} ({Wit blijkt zich toch te kunnen redden in deze stelling met} 16.
Nd6+ Kf8 17. Nxc4 $1 {Die hebben Rik en ik en later Arne en Peter totaal niet
gezien. wit wint gewoon zijn pion terug.} (17. Nxb7 $2 cxb3 {en het witte
paard is gevangen.}) 17... Re8 (17... bxc4 $2 18. Qxc4 $18 {zwart heeft geen
goede loperzetten.}) 18. Ne3 {met onduidelijke stelling.}) 16... O-O 17. Bh6 (
17. Rd7 Qe5 18. Rxb7 cxb3 {is ook winnend voor zwart.}) 17... Qe5 {Opnieuw
gebruikt Rik veel tijd om nog iets speelbaars te vinden. 25' deze keer.} 18. f4
f5 19. Qg3 Bh4 20. Qxh4 $2 ({Gertjan wees hier op het betere} 20. fxe5 {
Rik had er wel naar gekeken maar dacht dat het een stuk verloor. Dat blijkt
niet het geval na} Bxg3 21. Nxg3 $1 {Wel staat zwart duidelijk beter na} (21.
Bxg7 Bxe5 $1 (21... fxe4 {wint ook.})) 21... gxh6 (21... cxb3 22. Rd7 gxh6 23.
Rxb7 bxa2 $17) 22. Bc2 f4 {maar wit kan nog vechten met} 23. Rd7 fxg3 24. Rxb7
gxh2+ 25. Kxh2 Nxe5 $17) 20... Qxe4 {Wit heeft nog 14'; zwart 39' en staat
gewonnen.} 21. Rd7 (21. Bxg7 Nd4 $1) 21... Rf7 22. Rad1 (22. Re1 Rxd7 23. Rxe4
fxe4 24. Qg4 Rf7 25. Bc2 Nd4 26. Bb1 Raf8 $19) 22... Nd4 {30'} 23. Rd8+ {7'}
Rxd8 24. Qxd8+ Rf8 25. Qg5 Ne6 26. Qg3 cxb3 27. Re1 Qd4+ 28. Kh1 0-1